000 00709nam a2200205Ii 4500
003 JO-AjNU
008 230605s9999||||xx |||||||||||||| ||und||
017 _a939
040 _aJO-AjNU
_bara
_erda
_cJO-AjNU
041 _aara
050 1 4 _aQA76.9.D35 S2264 1990
100 3 _aعلي، صباح عبدالعزيز/ م. مشارك جاسم طعمة سرسوح ,
_eauthor
_939953
245 0 0 _a هياكل البيانات
264 3 1 _aبغداد:دار الحكمة، 1989
300 _a521ص
336 _atext
_btxt
_2rdacontent
337 _aunmediated
_bn
_2rdamedia
338 _avolume
_bnc
_2rdacarrier
650 4 _aمعالجة البيانات - الحاسبات الالكترونية
_939954
999 _aA16916
_c20484
_d20484